000 00608cab a2200217 4500
001 WB2848-46
008 090401t1992 xxu||||| |||| 00| 0 eng d
035 _a(Sirsi) u69673
041 _aeng
245 _aFrench banks` property debts
260 _c1992
350 _a0
490 _aFinancial Times
_v10 December 1992, 21
520 _aBad property debts in France amounting to £9.7bn have caused French banks to to appeal to the government for assistance.
650 _aCREDIT
650 _aSPECULATION
650 _aVALUES
690 _aOVERSEAS-EUROPE
942 _n0
948 _c04/03/1997
999 _c43779
_d43779